000 00791nam a2200301Ia 4500
001 63990
003 IT-RoPAU
008 130308s9999 xx 000 0 und d
040 _aIT-RoPAU
040 _cIT-RoPAU
041 _aITALIANO
100 _aMazzola Nangeroni Gabriella
100 _gCodice Aut. SPICS: 23395
245 _aForme vocali sacre
245 _bIntroduzione Alla Musica
250 _a1a ed.
260 _aMILANO
260 _bMondadori
260 _c1988 [1° Ed.:1988 - Ed.Ling.Originale:1988]
300 _a"17 p. (prefazione: no ; testo: 17 [pagine: 168-184])"
500 _aMottetto messa Requiem Oratorio
650 _aENCICLOPEDIE DI MUSICA
650 _eCodice materia Spics: 7001
942 _cBK
957 _71
999 _c58301
_d58301
999 _bSI
999 _g1